Statistics for Largest Countries Containing 'C'

Click here to take the quiz!

General Stats

  • This quiz has been taken 424 times
  • The average score is 15 of 20

Answer Stats

kmCountrymi% Correct
9,984,670Canada3,855,100
99%
9,572,900China3,696,100
99%
756,102Chile291,933
91%
1,141,748Colombia440,831
91%
2,344,858D.R. Congo905,355
88%
1,284,000Chad496,000
84%
342,000R. Congo132,000
84%
181,035Cambodia69,898
82%
1,964,375Mexico758,449
75%
640,679France247,368
73%
1,221,037South Africa471,445
73%
622,984C.A.R.240,535
70%
475,442Cameroon183,569
68%
446,300Morocco172,300
66%
109,884Cuba42,426
65%
276,841Ecuador106,889
57%
587,041Madagascar226,658
57%
131,990Greece50,960
51%
322,463Côte d’Ivoire124,504
44%
130,373Nicaragua50,337
40%

Score Distribution

Percentile by Number Answered

Percent of People with Each Score

Your Score History

You have not taken this quiz